unit 2 repetytorium cz.2 - Statystyki

Ogólne statystyki
  • Ten quiz został rozwiązany 10 razy
  • Średni wynik to 21 z 168
Statystyki odpowiedzi
Po polsku Po angielsku % Poprawnych
piekarnik oven
100%
garnek pot
100%
być w domu be in
67%
talerz plate
67%
zlew sink
67%
łyżka spoon
67%
dzbanek do herbaty teapot
67%
toster toaster
67%
zakwaterowanie accommondation
33%
ogłoszenie ad
33%
rachunek bill
33%
folia bąbelkowa (R) bubble wrap
33%
karton carton
33%
sprzątać łazienke clean the bathroom
33%
czyścić dywan clean the carpet
33%
gotować cook
33%
robić zakupy do the shopping
33%
wycierać naczynia dry the dishes
33%
rachunek za prąd electricity bill
33%
nakarmić kota feed the cat
33%
zapełnić samochód (R) fill a van
33%
naprawić coś fix sth
33%
do wynajęcia for rent
33%
na sprzedaż for sale
33%
przedmioty delikatne, kruche (R) fragile items
33%
zasady panujące w domu house rules
33%
parapetówka house-warming party
33%
właściciel/właścicielka wynajmowanego domu (R) landlord/landlady
33%
leżeć na łóżko lie on the bed
33%
zamknąć drzwi na klucz lock the door
33%
ugotować obiad make/cook dinner
33%
ścielić łóżko make the bed
33%
wyprowadzić się (R) move out
33%
pracownik, pracownica firmy przeprowadzkowej (R) mover
33%
pomalować sufit (R) paint the ceiling
33%
patio, taras (R) patio
33%
płacić rachunki/czynsz pay the bills/rent
33%
rondel pen
33%
miesięcznie per month
33%
tygodniowo per week
33%
prywatny ogród private garden
33%
transport publiczny public transport
33%
czynsz rent
33%
współlokator, współlokatorka (w pokoju) roommate
33%
dzielić z kimś mieszkanie/pokój/dom share a flat/room/house of sb
33%
zostać w domu stay in
33%
taśma tape
33%
rachunek za telefon telephone bill
33%
posprzątac pokój tidy your room
33%
odkurzyć dywan vacuum the carpet
33%
widok view
33%
podlewać rośliny water the plants
33%
blat kuchenny (R) worktop
33%
udogodnienia, infrastruktura ameninities
0%
składać meble (R) assesmble furniture
0%
być w domu ba at home
0%
umówić się na prezentacje domu/mieszkanie przed kupnem lub wynajmem (R) book of a viewing (of a house/flat)
0%
móc sobie pozwolić na coś can afford sth
0%
pudło z kartonu (R) cardboard box
0%
wymienić żarówke change a light bulb
0%
oczyścić (rynne) z liści (R) clean leaves (out of gutter)
0%
myć podłogi clean the floors
0%
myć okna clean the windows
0%
posprzątać (bałagan) (R) clean up (the mess)
0%
sprzątać ze stołu clear up the table
0%
odchodzić od ścian (o farbie/tapecie) come off the walls
0%
prowizja dla pośrenika (R) commision
0%
dojeżdżać do pracy commute
0%
oranżeria, ogród zimowy (R) conservatory
0%
przerobić (strych na sypialnie) (R) convert (an attic into a bedroom)
0%
podatek komunalny (R) coucil tax
0%
kaucja (R) deposit
0%
rozkładać meble (R) dismantle furniture
0%
wykonywać pracę domowe do household jobs/chores
0%
wejście, drzwi (R) doorway
0%
sprzątać do the cleaning
0%
gotować do the cooking
0%
wykonywać pracę domową do the housework
0%
prasować do the ironing
0%
prać do the washing
0%
myć naczynia do the washing-up
0%
odnowić mieszkanie (R) do up a flat
0%
zajmować się hydrauliką (R) do your own plumbing
0%
rynna (R) drainpipe
0%
zaciągać zasłony draw the curtains
0%
wapaść do kogoś (R) drop in
0%
ścierać kurze dust the surfaces
0%
wyjmować naczynia ze zmywarki empty the dishwasher
0%
łazienka przy sypialni en-suite bathroom
0%
agent, agentka nieruchomości (R) estate agent
0%
zamienić się meiszkanie exchange flats
0%
rozbudować (R) extend
0%
fasada (R) facade
0%
udogodnienia, infrastruktura facilities
0%
rozpaść się, zawalić się fall apart
0%
przewrócić się, zawalić się fall down
0%
znaleźć swój kąt find a place of your own
0%
naprawić antenę (R) fix an aerial
0%
współlokator, współlokatorka (w mieszkaniu) flatmate
0%
meble w paczkach do samodzielnego montażu (R) flat-pack furniture
0%
okna od podłogi do sufitu (R) floor-to-ceiling windows
0%
składać pranie fold the washing
0%
przeszklone drzwi, okna werandowe (R) French windows
0%
w pełni wyposażona kuchnia fully fitted kitchen
0%
umeblowany/nieumeblowany furnished/unfurnished
0%
dotrzeć do domu get home
0%
rynna (R) gutter
0%
wieszać pranie hang (up) the washing
0%
instalować, zakładać (R) install
0%
rata (R) instalment
0%
prasować ubrania iron clothes
0%
utrzymywać czystość i porządek keep things neat and tidy
0%
burzyć, wyburzyć knock down
0%
półpietro (R) landing
0%
wychodzić z domu leave the house
0%
wynająć komuś mieszkanie (R) let out a flat
0%
zapełnić, załadować samochód (R) load a van
0%
napełnić zmywarkę load the dishwasher
0%
remont, zmiana wyglądu makeover
0%
naprawić coś mend sth
0%
antresola, półpiętro (R) mezzanine
0%
myc podłogę mopem mop the floor
0%
wyprowadzać się (R) move house
0%
wprowadzać sie (do) move in(to)
0%
kosić trawę mow the lawn
0%
do negocjacji, do uzgodnienia (R) negotiable
0%
okres wypowiedzenia (R) notice period
0%
pakować/rozpakować pack/unpack
0%
płacić z góry pay in advance
0%
adres zameldowania permanent address
0%
mienie, dobytek possessions
0%
odkładać na miejsce (np. ubrania, rzeczy) put away
0%
powiesić półki (R) put up some shelves
0%
rozsądna cena reasonable price
0%
odnowić dom redecorate a house
0%
przeprowadzka, przenosiny removal
0%
firma przeprowadzkowa (R) removal company
0%
samochód do prezprowadzek (R) removal van
0%
odnowić dom renovate a house
0%
wynajmować mieszkanie (od kogoś) rent a flat
0%
wymienić (pęknięty kafelek) (R) replace (a broken tile)
0%
spuścić rolety roll down the blinds
0%
zabezpieczyć, zamocować secure
0%
odprowadzić kogoś do domu see sb home
0%
zaaklimatyzować się, zaadaptować (R) settle in
0%
założyć (własny) dom (R) set up house/home
0%
dzielić się pracami domowymi share the housework
0%
okiennice (R) shutters
0%
podpisywać umowę najmu (R) sign the lease
0%
świetlik (w dachu) (R) skylight
0%
pokój gościnny spare room
0%
dzielic się kosztami split the costs
0%
przebywać poza domem stay out
0%
mieszkanie studenckie, akademik student
0%
włączyć (światło/zmywarkę) switch on (the light/dishwasher)
0%
robić coś na zmianę take it in turns to do it
0%
wziąć pożyczkę/kredyt hipotetyczny (R) take out a loan/mortgage
0%
wynosić śmieci take out the rubbish
0%
wyprowadzić psa na spacer take the dog for a walk
0%
adres tymczasowy temporary address
0%
wyrzucać throw away
0%
wyrzucać (śmieci) (R) throw out (rubbish)
0%
do wynajęcia to let
0%
przeprowadzka, przenosiny transfer
0%
rachunki za media (R) utility bills
0%
prać ubrania wash clothes
0%
myć naczynia wash the dishes
0%
z widokiem na coś with a view of sth
0%
Nie znaleziono quizów pasujących do podanych kryteriów
Rozkład punktacji
Procent ludzi z każdym wynikiem
Percentyl według liczby udzielonych odpowiedzi
Twoja historia wyników
Nie rozwiązałeś tego quizu